000 00349nam a22001457a 4500
050 _aQK 47
_b.W5 1967
100 _aWilson, L. Carl
245 _aBotany
_cCarl L. Wilson, Walter E. Loomis
250 _a4th ed.
260 _aNew York:
_bWinston,
_c1967.
300 _a626 p. :
650 _bBotany
700 _aLoomis, E. Walter
942 _2lcc
_cGEN
999 _c9564
_d9564